| 000 | 00579nam a2200193Ia 4500 | ||
|---|---|---|---|
| 008 | 151119s9999||||xx |||||||||||||| ||und|| | ||
| 082 | _a174.4 | ||
| 082 | _bGKKV24914 | ||
| 100 | _aभुर्के श्याम | ||
| 245 | _aमंत्र श्रीमंतीचा | ||
| 260 | _a-- | ||
| 260 | _b-- | ||
| 260 | _c0 | ||
| 600 | _aभुर्के श्याम | ||
| 630 | _aमंत्र श्रीमंतीचा | ||
| 700 | _aभुर्के श्याम | ||
| 730 | _aमंत्र श्रीमंतीचा | ||
| 942 | _cBOOK | ||
| 999 |
_c1077472 _d1077469 |
||